[Event "Pohar mesta Ricany 2010 - cena Klidneho mesta"]
[Site "http://www.openricany.cz"]
[Date "2010.08.22"]
[Round "3.29"]
[White "Cap, Adam"]
[Black "Rut,  Vojtech"]
[Result "0-1"]
[WhiteElo "1693"]
[BlackElo "1957"]

1. c4 Nf6 2. Nc3 e5 3. g3 g6 4. Bg2 Bg7 5. e4 O-O 6. Nge2 d6 7. O-O Be6 8. d3
a5 9. h3 Nfd7 10. Kh2 Nc5 11. Be3 Nc6 12. Qd2 f5 13. f4 Nd4 14. Rad1 a4 15. exf5
gxf5 16. fxe5 dxe5 17. Bxd4 exd4 18. Nd5 c6 19. Ndf4 Rf7 20. Nxe6 Nxe6 21. Rde1
Qd6 22. Nf4 Bh6 23. Rxe6 Qxe6 24. Qb4 Bxf4 25. Rxf4 Rg7 26. c5 Qe3 27. Rf3 0-1

[Event "Pohar mesta Ricany 2010 - cena Klidneho mesta"]
[Site "http://www.openricany.cz"]
[Date "2010.08.22"]
[Round "3.31"]
[White "Agacinski, Tadeusz"]
[Black "Starek, Stanislav"]
[Result "0-1"]
[WhiteElo "2063"]
[BlackElo "1872"]

1. e4 g6 2. d4 Bg7 3. Nc3 d6 4. f4 c5 5. Nf3 Bg4 6. Bb5+ Nd7 7. Be3 Qb6 8. Qd2
O-O-O 9. O-O Bxf3 10. gxf3 cxd4 11. Bxd7+ Rxd7 12. Nd5 Qxb2 13. Rab1 dxe3
14. Qa5 Qd4 15. Kh1 e2 16. Rfe1 Qf2 17. c3 Qxf3+ 18. Kg1 Qxe4 19. Rb4 Qd3
20. Reb1 Qd1+ 21. Kg2 e1=N+ 22. Kf2 Qd2+ 23. Kf1 Qd3+ 24. Kg1 Qe2 25. R4b2 Qc4
26. Qxa7 Qc5+ 27. Qxc5+ dxc5 28. Nb6+ Kc7 29. Nxd7 Kxd7 30. Rxe1 Bxc3 31. Rd1+
Bd4+ 32. Rxd4+ cxd4 33. Rxb7+ Kc8 34. Rb4 Nf6 35. Rxd4 Rd8 36. Ra4 Kb7 37. Kg2
Rd2+ 38. Kg3 Nh5+ 39. Kg4 Rg2+ 0-1

[Event "Pohar mesta Ricany 2010 - cena Klidneho mesta"]
[Site "http://www.openricany.cz"]
[Date "2010.08.22"]
[Round "3.40"]
[White "Martinec, Jan"]
[Black "Petrun, Milan"]
[Result "1-0"]
[WhiteElo "1832"]
[BlackElo "1968"]

1. e4 c5 2. Nf3 e6 3. d4 cxd4 4. Nxd4 Nf6 5. f3 Nxe4 6. fxe4 Qh4+ 7. Ke2 b6
8. Qd3 Ba6 9. c4 Nc6 10. Nf3 Qh5 11. Bf4 Bc5 12. Nd2 O-O 13. Ke1 d5 14. e5 Nb4
15. Qb3 Qf5 16. Rc1 Qxf4 17. a3 dxc4 18. Bxc4 Rfd8 19. axb4 Be3 20. Rc2 Rxd2
21. Nxd2 Qf2+ 22. Kd1 Rd8 23. Qc3 Bxc4 24. Re1 Rxd2+ 25. Rxd2 Bb3+ 26. Rc2 Bxc2+
27. Qxc2 Qxc2+ 28. Kxc2 Bd4 29. g3 1-0

[Event "Pohar mesta Ricany 2010 - cena Klidneho mesta"]
[Site "http://www.openricany.cz"]
[Date "2010.08.22"]
[Round "3.18"]
[White "Pospisil, Martin"]
[Black "Balacek, Tadeas"]
[Result "0-1"]
[WhiteElo "1931"]
[BlackElo "2098"]

1. d4 Nf6 2. Nf3 g6 3. Nc3 d5 4. Bf4 c6 5. Qd2 Qa5 6. Ne5 Bf5 7. f3 Nbd7 8. e4
Be6 9. Be2 Bg7 10. O-O Nh5 11. exd5 cxd5 12. Bb5 Nxf4 13. Qxf4 Bxe5 14. Qxe5
O-O-O 15. Bxd7+ Kxd7 16. a4 a6 17. Ne4 f6 18. Nc5+ Qxc5 19. Qxe6+ Kxe6 20. dxc5
Kd7 21. f4 Kc6 22. Rfe1 Rhe8 23. b4 e5 24. fxe5 fxe5 25. Ra3 e4 26. Rh3 d4
27. Kf1 Rd7 28. Ke2 Kd5 29. c3 d3+ 30. Kd2 Rf8 31. Rh4 Re7 32. Re3 Kc4 0-1

[Event "Pohar mesta Ricany 2010 - cena Klidneho mesta"]
[Site "http://www.openricany.cz"]
[Date "2010.08.22"]
[Round "3.2"]
[White "Hadzala, Daniel"]
[Black "Vojta, Tomas"]
[Result "1/2-1/2"]
[WhiteElo "2105"]
[BlackElo "2380"]

1. Nf3 Nc6 2. c4 e5 3. Nc3 Nf6 4. d3 h6 5. g3 Bc5 6. Bg2 d6 7. O-O O-O 8. a3 a5
9. Rb1 Bf5 10. Ne1 Qd7 11. Nc2 Bh3 12. b4 axb4 13. axb4 Bb6 14. e3 Bxg2 15. Kxg2
Ne7 16. e4 Rfe8 17. Be3 Bxe3 18. Nxe3 Ra3 19. Rb3 Ra7 20. Qe2 Rea8 21. Rfb1 g6
22. Qf3 Kg7 23. h3 Ra3 24. R1b2 Ra1 25. Nc2 R1a7 26. Ne3 h5 27. Rb1 Ra3 28. Nc2
R3a7 29. Ne3 c6 30. b5 h4 31. Ng4 Neg8 32. bxc6 bxc6 33. Nd1 hxg3 34. fxg3 Nxg4
35. Qxg4 Qxg4 36. hxg4 Ra2+ 37. R3b2 Nf6 38. Kf3 Nd7 39. Nf2 Nc5 40. Rxa2 Rxa2
41. Rb6 Ne6 42. Rb7 Kf6 43. Rd7 Nd4+ 44. Kg2 Ke6 45. Rd8 Re2 46. g5 Ra2 47. Re8+
Kd7 48. Rf8 Ke7 49. Rb8 Ra7 50. Kh3 Ne6 51. Kh4 Nc5 52. Ng4 Nxd3 53. Nf6 Ke6
54. Re8+ Re7 55. Rc8 Nb4 56. Rb8 Nc2 57. Ng8 Nd4 58. Nxe7 Kxe7 59. Rb6 Kd7
60. Kg4 Ke6 1/2-1/2

[Event "Pohar mesta Ricany 2010 - cena Klidneho mesta"]
[Site "http://www.openricany.cz"]
[Date "2010.08.22"]
[Round "3.43"]
[White "Hadrava, Jaroslav"]
[Black "Urban, Miroslav"]
[Result "0-1"]
[WhiteElo "1908"]
[BlackElo "1885"]

1. e4 e5 2. Nc3 Nf6 3. f4 d5 4. fxe5 Nxe4 5. Nf3 Be7 6. Qe2 Nxc3 7. dxc3 O-O
8. Bf4 c5 9. O-O-O Nc6 10. Qf2 Be6 11. a3 Qa5 12. Qg3 f6 13. exf6 Bxf6 14. Ng5
Bxg5 15. Bxg5 d4 16. Bd2 Qa4 17. Bd3 c4 18. Be4 Rad8 19. cxd4 Nxd4 20. Bc3 Ne2+
21. Kb1 Nxg3 22. hxg3 Rxd1+ 23. Rxd1 Qa6 24. Re1 Qb6 25. Bf3 Re8 26. Bd5 Bxd5
27. Rxe8+ Kf7 28. Rc8 a5 29. g4 g6 30. Rh8 Qg1+ 31. Ka2 b5 32. Rxh7+ Ke6 33. Rh6
Be4 34. Rh8 0-1

[Event "Pohar mesta Ricany 2010 - cena Klidneho mesta"]
[Site "http://www.openricany.cz"]
[Date "2010.08.22"]
[Round "3.6"]
[White "Sedy, Pavel"]
[Black "Misicko, Jan"]
[Result "0-1"]
[WhiteElo "2156"]
[BlackElo "2006"]

1. e4 c5 2. Nf3 e6 3. d4 cxd4 4. Nxd4 Nf6 5. Bd3 Nc6 6. c3 e5 7. Nb3 d5 8. exd5
Nxd5 9. O-O Be7 10. Be4 Be6 11. Qd3 Qd7 12. c4 Nf6 13. Qxd7+ Kxd7 14. Rd1+ Kc7
15. Bxc6 Kxc6 16. Bg5 Rhd8 17. N1d2 h6 18. Bh4 g5 19. Bg3 Nd7 20. a3 f6 21. f3
Nc5 22. Na5+ Kc7 23. b4 b6 24. Nab3 Nd3 25. Rab1 Rd7 26. Kf1 Rad8 27. Ke2 Bf5
28. Ne4 Bg6 29. Ra1 Bf7 30. Ned2 f5 31. h3 Kb7 32. c5 bxc5 33. bxc5 Nxc5
34. Na5+ Ka6 35. Nc6 Re8 36. Rab1 Na4 37. Bxe5 Bd6 38. Kf2 Rxe5 39. Nb3 Nc5
40. Nxc5+ Rxc5 41. Kg1 {Dale necitelne} 41... Rb7 0-1

[Event "Pohar mesta Ricany 2010 - cena Klidneho mesta"]
[Site "http://www.openricany.cz"]
[Date "2010.08.22"]
[Round "3.37"]
[White "Havelka, Petr"]
[Black "Hatas, Radim"]
[Result "1/2-1/2"]
[WhiteElo "1923"]
[BlackElo "1742"]

1. d4 Nf6 2. c4 e6 3. Nc3 Bb4 4. Qc2 O-O 5. Bd2 b6 6. e4 Bxc3 7. bxc3 Bb7
8. Bd3 d6 9. Ne2 Nbd7 10. O-O Qe7 1/2-1/2

[Event "Pohar mesta Ricany 2010 - cena Klidneho mesta"]
[Site "http://www.openricany.cz"]
[Date "2010.08.22"]
[Round "3.20"]
[White "Vevera, Radek"]
[Black "Sochorova, Jana"]
[Result "1/2-1/2"]
[WhiteElo "2044"]
[BlackElo "1919"]

1. e4 c6 2. d4 d5 3. exd5 cxd5 4. Bd3 Nc6 5. c3 Nf6 6. Bf4 Bg4 7. Qb3 Qd7
8. Nd2 e6 9. Ngf3 Na5 10. Qb5 Qxb5 11. Bxb5+ Nc6 12. Ne5 Rc8 13. Nxg4 Nxg4
14. Nf3 a6 15. Bd3 Be7 16. h3 1/2-1/2

[Event "Pohar mesta Ricany 2010 - cena Klidneho mesta"]
[Site "http://www.openricany.cz"]
[Date "2010.08.22"]
[Round "3.33"]
[White "Framberk, Jan"]
[Black "Eisner, Oldrich"]
[Result "1-0"]
[WhiteElo "2004"]
[BlackElo "1824"]

1. e4 c5 2. Nf3 Nc6 3. d4 cxd4 4. Nxd4 g6 5. Nc3 Bg7 6. Be3 Nf6 7. Nxc6 bxc6
8. e5 Nd5 9. Nxd5 cxd5 10. Qxd5 Rb8 11. Bc4 O-O 12. f4 Qc7 13. Bb3 d6 14. exd6
exd6 15. O-O-O Rd8 16. Bd4 Bb7 17. Qg5 h6 18. Qxg6 1-0

[Event "Pohar mesta Ricany 2010 - cena Klidneho mesta"]
[Site "http://www.openricany.cz"]
[Date "2010.08.22"]
[Round "3.4"]
[White "Vesecky, Martin"]
[Black "Vybiral, Zdenek"]
[Result "0-1"]
[WhiteElo "2026"]
[BlackElo "2232"]

1. e4 e6 2. d4 d5 3. Nd2 Nf6 4. e5 Nfd7 5. f4 c5 6. Ndf3 Nc6 7. Ne2 f6 8. exf6
Qxf6 9. g3 cxd4 10. Nexd4 Nxd4 11. Qxd4 Bc5 12. Qxf6 gxf6 13. Bh3 Nb6 14. Bd2
Nc4 15. Bc3 O-O 16. O-O-O Bd7 17. Rhe1 Rae8 18. Nd4 f5 19. Bg2 Nd6 20. Nb3 b6
21. Be5 Nc4 22. Nxc5 bxc5 23. b3 Nxe5 24. Rxe5 Rc8 25. c4 d4 26. b4 cxb4
27. Rxd4 Bc6 28. Bf1 Kf7 29. Kb2 Rfd8 30. Rxd8 Rxd8 31. Rc5 Be4 32. Rc7+ Kg6
33. Rxa7 Rd1 34. Bh3 Rb1# 0-1

[Event "Pohar mesta Ricany 2010 - cena Klidneho mesta"]
[Site "http://www.openricany.cz"]
[Date "2010.08.22"]
[Round "3.19"]
[White "Adamik, Frantisek"]
[Black "Voracek, Zdenek"]
[Result "1-0"]
[WhiteElo "1898"]
[BlackElo "2056"]

1. c4 Nf6 2. Nc3 c5 3. e4 Nc6 4. g4 d6 5. f3 e6 6. d3 g6 7. h4 h5 8. g5 Ng8
9. Bh3 Bg7 10. Nge2 Nge7 11. f4 Nd4 12. Nxd4 cxd4 13. Ne2 f5 14. Ng3 b5 15. O-O
O-O 16. cxb5 Qa5 17. a4 a6 18. Bd2 Qb6 19. Qb3 Kh7 20. a5 Qxb5 21. Qxb5 axb5
22. Bb4 Rd8 23. Rac1 Bf8 24. Rc2 Rd7 25. Rfc1 Kg8 26. Bg2 Ra6 1-0

[Event "Pohar mesta Ricany 2010 - cena Klidneho mesta"]
[Site "http://www.openricany.cz"]
[Date "2010.08.22"]
[Round "3.42"]
[White "Luzikova, Nicola"]
[Black "Lexa, Vaclav"]
[Result "1/2-1/2"]
[WhiteElo "1740"]
[BlackElo "1909"]

1. e4 c5 2. Nf3 d6 3. d4 cxd4 4. Nxd4 Nf6 5. Nc3 a6 6. f3 e5 7. Nb3 Be6 8. Be3
Nbd7 9. Qd2 Be7 10. O-O-O b5 11. g4 Nb6 12. Kb1 Nc4 13. Bxc4 Bxc4 14. h4 a5
15. Qf2 Qc8 16. h5 a4 17. Nd2 a3 18. Nxc4 Qxc4 19. Qe2 axb2 20. Qxc4 bxc4
21. Kxb2 O-O 22. Ra1 Rfb8+ 23. Kc1 h6 24. a4 Ra5 25. Rd1 Kf8 26. Nd5 Nd7
27. Nxe7 Kxe7 28. Bd2 Ra6 29. a5 Nc5 30. Bc3 Ne6 31. Kd2 Kd7 32. Ke3 Kc6
33. Rdb1 Rxb1 34. Rxb1 f6 1/2-1/2

[Event "Pohar mesta Ricany 2010 - cena Klidneho mesta"]
[Site "http://www.openricany.cz"]
[Date "2010.08.22"]
[Round "3.15"]
[White "Ruzicka, Vaclav jun."]
[Black "Lacha, Jan"]
[Result "0-1"]
[WhiteElo "2057"]
[BlackElo "1968"]

1. c4 e5 2. Nc3 Nc6 3. g3 Bc5 4. Bg2 a6 5. d3 Nge7 6. e3 d6 7. Nge2 Ba7 8. O-O
h5 9. Nd5 h4 10. Nec3 Nxd5 11. Nxd5 Ne7 12. d4 c6 13. Nc3 Ng6 14. dxe5 Nxe5
15. Ne4 Nxc4 16. b3 f5 17. bxc4 fxe4 18. Bxe4 Qf6 19. Qd3 O-O $11 20. Rb1 hxg3
21. hxg3 Bh3 22. Rxb7 Bxf1 23. Qxf1 Rf7 24. Bb2 Qh6 25. Rxf7 Kxf7 26. Bxc6 Rb8
27. Bd5+ Ke7 28. Qe2 Qg6 29. e4 Qxg3+ 30. Kf1 Rf8 0-1

[Event "Pohar mesta Ricany 2010 - cena Klidneho mesta"]
[Site "http://www.openricany.cz"]
[Date "2010.08.22"]
[Round "3.3"]
[White "Haba, Zdenek"]
[Black "Moravec, Vit"]
[Result "1/2-1/2"]
[WhiteElo "2252"]
[BlackElo "2065"]

1. d4 d5 2. c4 e6 3. g3 Nf6 4. Bg2 Be7 5. Nf3 O-O 6. O-O Nbd7 7. Nc3 b6 8. Qc2
Bb7 9. cxd5 Nxd5 10. e4 Nxc3 11. bxc3 c5 12. Rd1 cxd4 13. cxd4 Rc8 14. Qe2 Qc7
15. Bf4 Qc4 16. Qxc4 Rxc4 17. Ne1 Bf6 18. e5 Bxg2 19. Nxg2 g5 20. Be3 Be7 21. f4
gxf4 22. gxf4 b5 23. d5 exd5 24. Bxa7 Bc5+ 25. Bxc5 Rxc5 26. Ne3 Nb6 27. Ng4 Ra8
28. Nf6+ Kf8 29. Nxh7+ Ke7 30. Rd2 Nc4 31. Rg2 Ne3 32. Rb2 d4 33. Nf6 d3 34. Rd2
1/2-1/2

[Event "Pohar mesta Ricany 2010 - cena Klidneho mesta"]
[Site "http://www.openricany.cz"]
[Date "2010.08.22"]
[Round "3.39"]
[White "Skokan, Frantisek"]
[Black "Sedivy, Ondrej"]
[Result "1/2-1/2"]
[WhiteElo "1903"]
[BlackElo "1717"]

1. e4 e6 2. d4 d5 3. Nc3 Nf6 4. Bg5 Be7 5. e5 Nfd7 6. Bxe7 Qxe7 7. f4 a6 8. Nf3
c5 9. Be2 Nc6 10. Qd2 O-O 11. O-O f6 12. exf6 Nxf6 13. Kh1 Bd7 14. dxc5 Qxc5
15. Rad1 Ng4 16. Nd4 e5 17. Bxg4 Bxg4 18. Nb3 Qc4 19. Qxd5+ Qxd5 20. Rxd5 exf4
21. Nd4 Nxd4 22. Rxd4 Rae8 23. h3 Be2 24. Rfxf4 Rxf4 25. Rxf4 Bh5 26. Nd5 Bf7
27. Nc3 Rd8 28. Rf2 h6 29. a3 Bg6 30. Na4 b5 31. Nc5 Rc8 32. b4 a5 33. Kg1 axb4
34. axb4 Rd8 35. c3 Bf7 36. Rf3 Bc4 37. Kf2 Re8 38. Re3 Rf8+ 39. Rf3 1/2-1/2

[Event "Pohar mesta Ricany 2010 - cena Klidneho mesta"]
[Site "http://www.openricany.cz"]
[Date "2010.08.22"]
[Round "3.25"]
[White "Sargsjan Karen"]
[Black "Petras Milan"]
[Result "0-1"]
[WhiteElo "1841"]
[BlackElo "2018"]

1. e4 c5 2. Nf3 Nf6 3. e5 Nd5 4. c3 Nc6 5. Be2 e6 6. O-O Be7 7. d4 cxd4 8. cxd4
O-O 9. Nc3 Nxc3 10. bxc3 d6 11. Bd3 dxe5 12. dxe5 f5 13. Qc2 Bc5 14. Re1 Qe7
15. Bg5 Qf7 16. Rad1 b6 17. Be3 h6 18. Bb5 Qc7 19. Bxc5 bxc5 20. Bxc6 Qxc6
21. Rd6 Qc7 22. Red1 Rb8 23. h3 Qf7 24. Qe2 Qg6 25. Qc4 Re8 26. Qxc5 Bb7 27. Qe3
Bd5 28. Qf4 Rec8 29. Nh4 Qh5 30. Rd3 Rc4 31. Rd4 g5 32. Qd2 Rxd4 33. Qxd4 gxh4
34. Qxa7 Rf8 35. Rd7 Qg6 36. g3 hxg3 37. f4 Rf7 38. Rd8+ Rf8 39. Rd7 Bc6 40. Rc7
Be4 41. c4 Rf7 42. Rc8+ Kh7 43. Qb8 Qg7 44. c5 Rb7 45. Rh8+ Qxh8 0-1

[Event "Pohar mesta Ricany 2010 - cena Klidneho mesta"]
[Site "http://www.openricany.cz"]
[Date "2010.08.22"]
[Round "3.5"]
[White "Mejzlik, Ondrej"]
[Black "Janicek, Jindrich"]
[Result "1-0"]
[WhiteElo "2225"]
[BlackElo "2063"]

1. c4 c6 2. Nc3 d5 3. cxd5 cxd5 4. d4 Nf6 5. Bf4 Nc6 6. e3 a6 7. Bd3 e6 8. Nf3
Be7 9. O-O b5 10. Rc1 Bb7 11. Ne5 Qb6 12. Qf3 h6 13. h4 Rc8 14. Ne2 Nxe5
15. Bxe5 Kd7 16. g4 Bc6 17. Ng3 Rhf8 18. Nf5 exf5 19. Bxf5+ Kd8 20. Bxc8 Kxc8
21. Rc2 Kb7 22. Rfc1 Rc8 23. g5 hxg5 24. hxg5 Ne4 25. Qxf7 Qd8 26. Qxg7 Qd7
27. f3 Nxg5 28. Kf2 Bd8 29. Qxd7+ Bxd7 30. Rxc8 Bxc8 31. Kg3 Nf7 32. Bf4 Be6
33. b3 Ba5 34. Rh1 Kc6 35. a3 Kd7 36. Kf2 Bd8 37. Rc1 Bb6 38. Ke2 Nd6 39. Bxd6
Kxd6 40. Kd3 Bd8 41. Rh1 a5 42. b4 axb4 43. axb4 Be7 44. e4 dxe4+ 45. fxe4 Bc4+
46. Kc3 Bg5 47. Rh5 Bf4 48. Rc5 Be2 49. e5+ Ke6 50. Rc6+ Kd7 51. Rf6 Bg5
52. Rd6+ Ke7 53. d5 Bh4 54. Re6+ Kd7 55. Rd6+ Ke7 56. Kd4 Bf2+ 57. Ke4 Be1
58. Re6+ Kf7 59. Rf6+ Ke7 60. d6+ Ke8 61. Kd5 Bxb4 62. Kc6 Bg4 63. e6 Ba5
64. Rg6 Bxe6 65. Rxe6+ Kd8 66. d7 1-0

[Event "Pohar mesta Ricany 2010 - cena Klidneho mesta"]
[Site "http://www.openricany.cz"]
[Date "2010.08.22"]
[Round "3.32"]
[White "Pech Hynek"]
[Black "Skacel Jan"]
[Result "1/2-1/2"]
[WhiteElo "1800"]
[BlackElo "2073"]

1. e4 e5 2. Nf3 Nc6 3. Bb5 a6 4. Bxc6 dxc6 5. O-O f6 6. d3 Bd6 7. Nbd2 Ne7
8. c3 c5 9. b3 O-O 10. Bb2 Nc6 11. Qe2 Be6 12. Rad1 Qe8 13. Rfe1 1/2-1/2

[Event "Pohar mesta Ricany 2010 - cena Klidneho mesta"]
[Site "http://www.openricany.cz"]
[Date "2010.08.22"]
[Round "3.10"]
[White "Pospisil Evzen"]
[Black "Mrna Vladimir"]
[Result "1/2-1/2"]
[WhiteElo "2161"]
[BlackElo "2043"]

1. d4 Nf6 2. Nf3 d6 3. Nc3 Nbd7 4. e4 e5 5. Bc4 Be7 6. O-O O-O 7. Re1 c6 8. a4
a5 9. h3 Qc7 10. Be3 b6 11. Qe2 Bb7 12. dxe5 dxe5 1/2-1/2

[Event "Pohar mesta Ricany 2010 - cena Klidneho mesta"]
[Site "http://www.openricany.cz"]
[Date "2010.08.22"]
[Round "3.7"]
[White "Pechacek Stanislav"]
[Black "Haman Jakub"]
[Result "1/2-1/2"]
[WhiteElo "2131"]
[BlackElo "1968"]

1. d4 Nf6 2. c4 g6 3. Nc3 Bg7 4. e4 O-O 5. Nf3 d6 6. Be2 e5 7. O-O Nbd7 8. Re1
a5 9. Bf1 c6 10. d5 c5 11. a3 Ne8 12. Rb1 f5 13. Ng5 Nc7 14. Nb5 Nf6 15. Nxc7
Qxc7 16. f3 h6 17. Ne6 Bxe6 18. dxe6 fxe4 19. fxe4 Qe7 1/2-1/2

[Event "Pohar mesta Ricany 2010 - cena Klidneho mesta"]
[Site "http://www.openricany.cz"]
[Date "2010.08.22"]
[Round "3.24"]
[White "Postupa Martin"]
[Black "Minasjan Garegin"]
[Result "1-0"]
[WhiteElo "2018"]
[BlackElo "1841"]

1. e4 e5 2. Nf3 Nc6 3. Nc3 d6 4. Bb5 Bd7 5. Bxc6 Bxc6 6. d4 exd4 7. Nxd4 Qd7
8. O-O O-O-O 9. Be3 Kb8 10. b4 b5 11. Qd3 d5 12. Nxc6+ Qxc6 13. exd5 Qc4
14. Bxa7+ Kb7 15. Qxc4 bxc4 16. Bc5 Nf6 17. Rfd1 Nd7 18. Bxf8 Rhxf8 19. Rd4 1-0

[Event "Pohar mesta Ricany 2010 - cena Klidneho mesta"]
[Site "http://www.openricany.cz"]
[Date "2010.08.22"]
[Round "3.28"]
[White "Fiala Jan"]
[Black "Hampel Rudolf"]
[Result "0-1"]
[WhiteElo "1984"]
[BlackElo "1800"]

1. Nf3 Nf6 2. d4 d5 3. c4 c6 4. Nc3 e6 5. Bg5 Be7 6. e3 O-O 7. Bd3 Nbd7 8. O-O
dxc4 9. Bxc4 b5 10. Bd3 Bb7 11. e4 a6 12. e5 Nd5 13. Bxe7 Qxe7 14. Ne4 c5
15. Nd6 Rab8 16. dxc5 Nxc5 17. Bxh7+ Kh8 18. Bd3 Ba8 19. Rc1 Nxd3 20. Qxd3 Nf4
21. Qd4 Ne2+ 0-1

[Event "Pohar mesta Ricany 2010 - cena Klidneho mesta"]
[Site "http://www.openricany.cz"]
[Date "2010.08.22"]
[Round "3.35"]
[White "Hrdina Robin"]
[Black "Feierfeil Jiri"]
[Result "1-0"]
[WhiteElo "1878"]
[BlackElo "1932"]

1. e4 c5 2. Nf3 d6 3. d4 cxd4 4. Qxd4 a6 5. Be3 Nc6 6. Qd2 Nf6 7. Nc3 e6
8. O-O-O Be7 9. Nd4 O-O 10. f3 Qc7 11. g4 b5 12. g5 Nd7 13. h4 b4 14. Nce2 Nde5
15. Nxc6 Nxc6 16. f4 Rd8 17. h5 f5 18. exf5 Qa5 19. Kb1 exf5 20. h6 g6 21. Bg2
Be6 22. b3 d5 23. Nd4 Nxd4 24. Qxd4 1-0

[Event "Pohar mesta Ricany 2010 - cena Klidneho mesta"]
[Site "http://www.openricany.cz"]
[Date "2010.08.22"]
[Round "3.36"]
[White "Paukert Jan"]
[Black "Jirousek Filip"]
[Result "1-0"]
[WhiteElo "1928"]
[BlackElo "1787"]

1. d4 Nf6 2. Nf3 g6 3. g3 Bg7 4. Bg2 O-O 5. O-O d6 6. c4 Nbd7 7. Nc3 c5 8. d5
Nb6 9. Qd3 Bd7 10. e4 a6 11. Bf4 Nh5 12. Be3 Na4 13. Nxa4 Bxa4 14. e5 b5 15. g4
Nf6 16. exf6 Bxf6 17. Qa3 Qd7 18. h3 b4 19. Qd3 Bxb2 20. Rab1 Bg7 21. Rfe1 Qc7
22. Bc1 Rfe8 23. Bb2 Bf8 24. Nd2 a5 25. f4 f6 26. Be4 Reb8 27. Nf3 b3 28. a3 Be8
29. f5 g5 30. h4 gxh4 31. g5 h6 32. gxf6 exf6 33. Kh2 Bg7 34. Nxh4 Kh8 35. Ng6+
Bxg6 36. fxg6 a4 37. Bf5 Kg8 38. Re6 Qd8 39. Qe3 Qf8 40. Re1 Ra7 41. Re8 1-0

[Event "Pohar mesta Ricany 2010 - cena Klidneho mesta"]
[Site "http://www.openricany.cz"]
[Date "2010.08.22"]
[Round "3.41"]
[White "Losan Rudolf"]
[Black "Nepustil Frantisek"]
[Result "1/2-1/2"]
[WhiteElo "1780"]
[BlackElo "1952"]

1. d4 d5 2. c4 Nc6 3. e3 e6 4. Nf3 Nf6 5. Nc3 Be7 6. Bd3 O-O 7. O-O a6 8. h3
dxc4 9. Bxc4 b5 10. Bd3 Bb7 11. a3 b4 12. Ne4 Nxe4 13. Bxe4 f5 14. Bxc6 Bxc6
15. axb4 Qd5 16. Ra5 Bb5 17. Bd2 Qe4 18. Re1 Bf6 19. Bc3 g5 20. Nd2 Qh4 21. Nf3
Qe4 22. Nd2 Qh4 23. Nf3 1/2-1/2

[Event "Pohar mesta Ricany 2010 - cena Klidneho mesta"]
[Site "http://www.openricany.cz"]
[Date "2010.08.22"]
[Round "3.11"]
[White "Zvara David"]
[Black "Vojta Pavel"]
[Result "0-1"]
[WhiteElo "2010"]
[BlackElo "2161"]

1. e4 e6 2. d4 d5 3. exd5 exd5 4. c4 Nf6 5. Nc3 Be7 6. Nf3 O-O 7. Be2 Nc6
8. Ne5 Be6 9. Nxc6 bxc6 10. c5 Ne4 11. O-O Bg5 12. f3 Bxc1 13. Rxc1 Nxc3
14. bxc3 Bf5 15. Bd3 Qg5 16. Bxf5 Qxf5 17. Qa4 Qg6 18. Qa5 Rfc8 19. Rb1 h6
20. Rb7 Re8 21. Rb2 Re7 22. Kh1 Qd3 23. Rg1 Rae8 24. Rbb1 Qxb1 0-1

[Event "Pohar mesta Ricany 2010 - cena Klidneho mesta"]
[Site "http://www.openricany.cz"]
[Date "2010.08.22"]
[Round "3.1"]
[White "Kulhanek Tomas"]
[Black "Drabek Vojtech"]
[Result "1/2-1/2"]
[WhiteElo "2411"]
[BlackElo "2128"]

1. e4 e5 2. Nf3 Nc6 3. Bb5 a6 4. Ba4 d6 5. c3 Bd7 6. O-O g6 7. d4 Bg7 8. dxe5
Nxe5 9. Nxe5 dxe5 10. Bxd7+ Qxd7 11. Qxd7+ Kxd7 12. Be3 Bh6 13. Bxh6 Nxh6
14. Nd2 Rad8 15. a4 f6 16. Nc4 Nf7 17. f3 Ke6 18. a5 Rd7 19. Rfd1 Rhd8 20. Rxd7
Rxd7 21. Kf2 Nd6 22. Ne3 f5 23. exf5+ gxf5 24. Re1 Nf7 25. Nc4 Rd5 26. f4 Rc5
27. Nxe5 Nxe5 28. Rxe5+ Rxe5 29. fxe5 Kxe5 30. Kf3 b6 31. axb6 cxb6 32. g3 a5
33. Ke3 b5 34. h4 Kd5 35. Kf4 1/2-1/2

[Event "Pohar mesta Ricany 2010 - cena Klidneho mesta"]
[Site "http://www.openricany.cz"]
[Date "2010.08.22"]
[Round "3.38"]
[White "Halla Jiri"]
[Black "Soltys Roman"]
[Result "1/2-1/2"]
[WhiteElo "1912"]
[BlackElo "1659"]

1. b3 c5 2. Bb2 Nc6 3. f4 d5 4. e3 e6 5. Bb5 Bd7 6. Nf3 Nf6 7. O-O Be7 8. d3
O-O 9. Bxc6 Bxc6 10. Ne5 Rc8 11. Nd2 Nd7 12. Qg4 Nf6 13. Qh3 Re8 14. Ndf3 h6
15. g4 Nh7 16. Qh5 Rf8 17. Rf2 Nf6 18. Qh3 Nh7 19. Raf1 Be8 20. f5 Ng5 21. Nxg5
Bxg5 22. Re2 d4 23. e4 Qd6 24. Qg3 f6 25. Nc4 Qxg3+ 26. hxg3 e5 27. Nd6 1/2-1/2

[Event "Pohar mesta Ricany 2010 - cena Klidneho mesta"]
[Site "http://www.openricany.cz"]
[Date "2010.08.22"]
[Round "3.26"]
[White "Krejci Martin"]
[Black "Cervenka Petr"]
[Result "1-0"]
[WhiteElo "1804"]
[BlackElo "1990"]

1. e4 e6 2. d4 d5 3. e5 c5 4. c3 Nc6 5. Nf3 Qb6 6. a3 Bd7 7. b4 cxd4 8. cxd4
Rc8 9. Bb2 Nxb4 10. axb4 Qxb4+ 11. Qd2 Rc2 12. Ba3 Qb3 13. Qd3 Bb4+ 14. Nfd2 Qa4
15. Be2 Rc1+ 16. Bxc1 Qxa1 17. O-O Ne7 18. Ba3 Nc6 19. Nf3 a6 20. Qb3 Be7
21. Bxe7 Nxd4 22. Nxd4 Kxe7 23. Qb4+ 1-0

[Event "Pohar mesta Ricany 2010 - cena Klidneho mesta"]
[Site "http://www.openricany.cz"]
[Date "2010.08.22"]
[Round "3.23"]
[White "Vavrinec, Tomas"]
[Black "Hlina, Milos"]
[Result "1-0"]
[WhiteElo "2030"]
[BlackElo "1892"]

1. e4 e6 2. d3 d5 3. Nd2 c5 4. Ngf3 Nc6 5. g3 Bd6 6. Bg2 Nge7 7. O-O O-O 8. Re1
b6 9. e5 Bc7 10. c3 Ng6 11. d4 f6 12. exf6 Qxf6 13. dxc5 bxc5 14. Nb3 Bd6
15. Be3 Rb8 16. Qd2 Qe7 17. Rad1 h6 18. h4 Rf7 19. Bxh6 gxh6 20. Qxh6 Rf6
21. Rxd5 exd5 22. Rxe7 Bxe7 23. Ng5 Nf8 24. Bxd5+ 1-0